000 00901nam a22002297a 4500
999 _c17892
_d17892
003 AR-CdUCM
008 190510b ||||| |||| 00| 0 spa d
040 _aMUNICIPALIDAD PROVINCIAL DEL CUSCO
_cBIBLIOTECA MUNICIPAL DEL CUSCO
041 _heng
082 _a641 /
_bA34
100 _aAlberti, Giuseppe
_938113
245 _aAlimentación humana :
_bpasado, presente y futuro /
260 _aMéxico :
_bUTEHA,
_c1961.
300 _a116 páginas ;
_c18 cm.
440 _aManual Uteha ;
_n78
_938114
505 _aContenido: A guisa de introducción -- Lineamiento generales de la historia de la alimentación y evolución de la bioquímica alimenticia -- La obra de los fisiólogos y de los bioquímicos del siglo XX...
650 _aAlimentación
_919429
650 _aAlimentos
_97656
700 _aMartinez Bravo, Eugenio (traductor)
_938115
942 _2ddc
_cLIBROS
945 _aacv
_d2019-05-10